Libro de oración para la vida en grupo, para la vida cotidiana / (Record no. 92281)

MARC details
000 -LEADER
campo de control de longitud fija 00740nam a2200217 i 4500
001 - NÚMERO DE CONTROL
campo de control 92281
003 - IDENTIFICADOR DE NÚMERO DE CONTROL
campo de control ES-MaACL
005 - FECHA Y HORA DE LA ÚLTIMA TRANSACCIÓN
campo de control 20230906180932.0
007 - CAMPO FIJO DE DESCRIPCIÓN FÍSICA--INFORMACIÓN GENERAL
campo de control de longitud fija t|
008 - DATOS DE LONGITUD FIJA--INFORMACIÓN GENERAL
campo de control de longitud fija 050224s1971 sp ||||1| spa d
245 00 - MENCIÓN DEL TÍTULO
Título Libro de oración para la vida en grupo, para la vida cotidiana /
Mención de responsabilidad, etc. Maertens, de Bilde, Berthier ; [traducción de Felipe Martín].
260 ## - PUBLICACIÓN, DISTRIBUCIÓN, ETC.
Lugar de publicación, distribución, etc. Madrid :
Nombre del editor, distribuidor, etc. Marova,
Fecha de publicación, distribución, etc. [1971]
300 ## - DESCRIPCIÓN FÍSICA
Extensión 248 p. ;
Dimensiones 21 cm.
490 1# - MENCIÓN DE SERIE
Mención de serie Christus Pastor, experiencias y estudios pastorales
650 00 - PUNTO DE ACCESO ADICIONAL DE MATERIA--TÉRMINO DE MATERIA
Término de materia o nombre geográfico como elemento de entrada Oraciones.
9 (RLIN) 15730
700 1# - ENTRADA AGREGADA--NOMBRE PERSONAL
Nombre de persona Maertens, Thierry.
9 (RLIN) 184379
700 1# - ENTRADA AGREGADA--NOMBRE PERSONAL
Nombre de persona Martín, Felipe.
9 (RLIN) 77298
830 1# - PUNTO DE ACCESO ADICIONAL DE SERIE-TÍTULO UNIFORME
Título uniforme Christus Pastor, experiencias y estudios pastorales
9 (RLIN) 220288
852 ## - LOCALIZACIÓN
Ubicación ES-MaACL
Número de control de estantería C-51150
Holdings
Estatus retirado Estado de pérdida Estado de daño No para préstamo Biblioteca de origen Biblioteca actual Ubicación en estantería Fecha de adquisición Fuente de adquisición Total de préstamos Signatura topográfica completa Código de barras Visto por última vez Precio de reemplazo Tipo de ítem Koha
        Biblioteca del Ateneo de Madrid Biblioteca del Ateneo de Madrid Depósito 2 17/01/2008     C-51150 1096342 23/02/2023 23/02/2023 Libro impreso